00627nam a2200205Ia 4500003000400000005001700004008004100021020001800062040001800080041000800098082002100106100002200127245010200149250001200251260004700263300003000310650002800340650002700368650002600395OSt20260314092051.0210716s2009 xx 000 0 und d a9788120321342 cAIMIT LIBRARY aeng a658.40422bNICJ aNicholas, John M. aProject management for business and technology :bPrinciples and practice /cBy John M. Nicholas. a2nd ed. aNew Delhi :bPHI Learning Pvt Ltd ,c2009. axix,603 p.;bPBc23.5 cm. aPhilosophy and concepts aSystems and procedures aOrganization behavior